02402cam a2200337 i 450000100090000000300090000900500170001800800410003502000180007604000380009408200210013210000300015324500720018326400430025530000450029833600260034333700280036933800270039750400520042450505670047652006620104365000390170565000370174465000480178165100100182965300250183965500170186494200120188199900170189395201540191018201687EG-ScBUE20230525092228.0140626s2015 nyua f b 001 0 eng d a9780415898928 aDLCbengerdacDLCdDLCdEG-ScBUE04a720.108222bKAN1 aKanekar, Aarati,eauthor.10aArchitecture's pretexts :bspaces of translation /cAarati Kanekar. 1aNew York ;aLondon :bRoutledgec2015. axvi, 172 pages :billustrations ;c24 cm 2rdacontentatextbtxt 2rdamediaaunmediatedbn 2rdacarrieravolumebnc aIncludes bibliographical references and index. 0 aIntroduction. On Translation and Spatial Construction of Meaning -- Space of Poetic Allegory. Translating The Divine Comedy : Terragni's Danteum as a Projection of Meaning Across Symbolic Forms -- Space of Narrative Structure. The Shaping of Romeo and Juliet : Eisenman's Moving Arrows Eros and Other Errors -- Space of Sound & Music. Architecture as a Performative Instrument : Zumthor's Soundbox -- Space of Representation. The Generative Maps of Perry Kulper and Smout Allen -- Space of Montage. Movement, Assemblage, and Appropriation in Koolhaas' Kunsthal. a"This book considers ideas from one medium that might have been appropriated and transformed by others; highlighting their uniqueness and limitations. More specifically, this book addresses the manner in which this translation occurs across different forms of creation, construction, and expression. The intention is to address broader questions of representation and construction of meaning across media that eventually impact processes of design formulation. By integrating knowledge and modes of thinking from multiple means of expression, they are able to advance their understanding in ways that would be impossible through a unitary line of inquiry"-- 7aArchitectural design.2BUEsh93345 7aIdea (Philosophy) in art.2BUEsh 7aInfluence (Literary, artistic, etc.)2BUEsh 2BUEsh bENGARCcNovember2016 vReading book 2ddccBB c23310d23282 00102ddc40708BaccahaMAINbMAINc2NDd2016-11-24ePurchaseg555.00h25143l0o720.108 KANp000040011r2025-07-15 00:00:00v693.75w2016-11-24yBB